<?xml version="1.0" encoding="UTF-8"?>
<marc:record xmlns:marc="http://www.loc.gov/MARC21/slim" type="Bibliographic">
   <marc:leader>00000nam a2200000uc 4500</marc:leader>
   <marc:controlfield tag="001">1362979422</marc:controlfield>
   <marc:controlfield tag="003">DE-101</marc:controlfield>
   <marc:controlfield tag="005">20250730223344.0</marc:controlfield>
   <marc:controlfield tag="007">cr||||||||||||</marc:controlfield>
   <marc:controlfield tag="008">250413s2025    gw |||||o|||| 00||||ger  </marc:controlfield>
   <marc:datafield ind1=" " ind2=" " tag="015">
      <marc:subfield code="a">25,O05</marc:subfield>
      <marc:subfield code="2">dnb</marc:subfield>
   </marc:datafield>
   <marc:datafield ind1="7" ind2=" " tag="016">
      <marc:subfield code="2">DE-101</marc:subfield>
      <marc:subfield code="a">1362979422</marc:subfield>
   </marc:datafield>
   <marc:datafield ind1=" " ind2=" " tag="020">
      <marc:subfield code="a">9783641332556</marc:subfield>
      <marc:subfield code="9">978-3-641-33255-6</marc:subfield>
   </marc:datafield>
   <marc:datafield ind1="3" ind2=" " tag="024">
      <marc:subfield code="a">9783641332556</marc:subfield>
   </marc:datafield>
   <marc:datafield ind1="7" ind2=" " tag="024">
      <marc:subfield code="2">urn</marc:subfield>
      <marc:subfield code="a">urn:nbn:de:101:1-2504132200330.813335119172</marc:subfield>
   </marc:datafield>
   <marc:datafield ind1="5" ind2="2" tag="028">
      <marc:subfield code="a">740/33255</marc:subfield>
   </marc:datafield>
   <marc:datafield ind1=" " ind2=" " tag="035">
      <marc:subfield code="a">(DE-599)DNB1362979422</marc:subfield>
   </marc:datafield>
   <marc:datafield ind1=" " ind2=" " tag="035">
      <marc:subfield code="a">(OCoLC)1518666777</marc:subfield>
   </marc:datafield>
   <marc:datafield ind1=" " ind2=" " tag="040">
      <marc:subfield code="a">1240</marc:subfield>
      <marc:subfield code="b">ger</marc:subfield>
      <marc:subfield code="c">DE-101</marc:subfield>
      <marc:subfield code="d">9999</marc:subfield>
   </marc:datafield>
   <marc:datafield ind1=" " ind2=" " tag="041">
      <marc:subfield code="8">1\p</marc:subfield>
      <marc:subfield code="a">ger</marc:subfield>
   </marc:datafield>
   <marc:datafield ind1=" " ind2=" " tag="044">
      <marc:subfield code="c">XA-DE-BY</marc:subfield>
   </marc:datafield>
   <marc:datafield ind1="0" ind2="4" tag="082">
      <marc:subfield code="8">16\u</marc:subfield>
      <marc:subfield code="8">17\p</marc:subfield>
      <marc:subfield code="a">617.56406</marc:subfield>
      <marc:subfield code="q">DE-101</marc:subfield>
      <marc:subfield code="2">23/ger</marc:subfield>
   </marc:datafield>
   <marc:datafield ind1="7" ind2=" " tag="083">
      <marc:subfield code="8">18\p</marc:subfield>
      <marc:subfield code="a">617.5</marc:subfield>
      <marc:subfield code="q">DE-101</marc:subfield>
      <marc:subfield code="2">23kdnb</marc:subfield>
   </marc:datafield>
   <marc:datafield ind1="7" ind2=" " tag="083">
      <marc:subfield code="8">19\p</marc:subfield>
      <marc:subfield code="a">610</marc:subfield>
      <marc:subfield code="q">DE-101</marc:subfield>
      <marc:subfield code="2">23sdnb</marc:subfield>
   </marc:datafield>
   <marc:datafield ind1=" " ind2=" " tag="085">
      <marc:subfield code="8">16\u</marc:subfield>
      <marc:subfield code="b">617.564</marc:subfield>
   </marc:datafield>
   <marc:datafield ind1="1" ind2=" " tag="100">
      <marc:subfield code="8">4\p</marc:subfield>
      <marc:subfield code="0">(DE-588)128865296</marc:subfield>
      <marc:subfield code="0">https://d-nb.info/gnd/128865296</marc:subfield>
      <marc:subfield code="0">(DE-101)128865296</marc:subfield>
      <marc:subfield code="a">Grönemeyer, Dietrich</marc:subfield>
      <marc:subfield code="d">1952-</marc:subfield>
      <marc:subfield code="e">Verfasser</marc:subfield>
      <marc:subfield code="4">aut</marc:subfield>
      <marc:subfield code="2">gnd</marc:subfield>
   </marc:datafield>
   <marc:datafield ind1="1" ind2="0" tag="245">
      <marc:subfield code="a">Meine Formel für einen gesunden Rücken -</marc:subfield>
      <marc:subfield code="b">Das sanfte Programm für eine starke Haltung - Spiegel-Bestseller-Autor</marc:subfield>
      <marc:subfield code="c">Dietrich Grönemeyer</marc:subfield>
   </marc:datafield>
   <marc:datafield ind1=" " ind2=" " tag="256">
      <marc:subfield code="a">7466 Kbytes</marc:subfield>
   </marc:datafield>
   <marc:datafield ind1=" " ind2="1" tag="264">
      <marc:subfield code="a">München</marc:subfield>
      <marc:subfield code="b">Südwest Verlag</marc:subfield>
      <marc:subfield code="c">2025</marc:subfield>
   </marc:datafield>
   <marc:datafield ind1=" " ind2="1" tag="264">
      <marc:subfield code="b">Penguin Random House Verlagsgruppe GmbH</marc:subfield>
      <marc:subfield code="c">2025</marc:subfield>
   </marc:datafield>
   <marc:datafield ind1=" " ind2=" " tag="300">
      <marc:subfield code="a">Online-Ressource, 160 Seiten</marc:subfield>
   </marc:datafield>
   <marc:datafield ind1=" " ind2=" " tag="336">
      <marc:subfield code="a">Text</marc:subfield>
      <marc:subfield code="b">txt</marc:subfield>
      <marc:subfield code="2">rdacontent</marc:subfield>
   </marc:datafield>
   <marc:datafield ind1=" " ind2=" " tag="337">
      <marc:subfield code="a">Computermedien</marc:subfield>
      <marc:subfield code="b">c</marc:subfield>
      <marc:subfield code="2">rdamedia</marc:subfield>
   </marc:datafield>
   <marc:datafield ind1=" " ind2=" " tag="338">
      <marc:subfield code="a">Online-Ressource</marc:subfield>
      <marc:subfield code="b">cr</marc:subfield>
      <marc:subfield code="2">rdacarrier</marc:subfield>
   </marc:datafield>
   <marc:datafield ind1="1" ind2=" " tag="583">
      <marc:subfield code="a">Archivierung/Langzeitarchivierung gewährleistet</marc:subfield>
      <marc:subfield code="5">DE-101</marc:subfield>
      <marc:subfield code="2">pdager</marc:subfield>
   </marc:datafield>
   <marc:datafield ind1=" " ind2="7" tag="650">
      <marc:subfield code="8">5\p</marc:subfield>
      <marc:subfield code="0">(DE-588)4050838-9</marc:subfield>
      <marc:subfield code="0">https://d-nb.info/gnd/4050838-9</marc:subfield>
      <marc:subfield code="0">(DE-101)040508382</marc:subfield>
      <marc:subfield code="a">Rückenschmerz</marc:subfield>
      <marc:subfield code="9">rswk-swf</marc:subfield>
      <marc:subfield code="2">gnd</marc:subfield>
   </marc:datafield>
   <marc:datafield ind1=" " ind2="7" tag="650">
      <marc:subfield code="8">7\p</marc:subfield>
      <marc:subfield code="0">(DE-588)4054388-2</marc:subfield>
      <marc:subfield code="0">https://d-nb.info/gnd/4054388-2</marc:subfield>
      <marc:subfield code="0">(DE-101)040543889</marc:subfield>
      <marc:subfield code="a">Selbsttherapie</marc:subfield>
      <marc:subfield code="9">rswk-swf</marc:subfield>
      <marc:subfield code="2">gnd</marc:subfield>
   </marc:datafield>
   <marc:datafield ind1=" " ind2="7" tag="650">
      <marc:subfield code="8">9\p</marc:subfield>
      <marc:subfield code="0">(DE-588)4050838-9</marc:subfield>
      <marc:subfield code="0">https://d-nb.info/gnd/4050838-9</marc:subfield>
      <marc:subfield code="0">(DE-101)040508382</marc:subfield>
      <marc:subfield code="a">Rückenschmerz</marc:subfield>
      <marc:subfield code="9">rswk-swf</marc:subfield>
      <marc:subfield code="2">gnd</marc:subfield>
   </marc:datafield>
   <marc:datafield ind1=" " ind2="7" tag="650">
      <marc:subfield code="8">11\p</marc:subfield>
      <marc:subfield code="0">(DE-588)4253440-9</marc:subfield>
      <marc:subfield code="0">https://d-nb.info/gnd/4253440-9</marc:subfield>
      <marc:subfield code="0">(DE-101)042534402</marc:subfield>
      <marc:subfield code="a">Mobilisierung</marc:subfield>
      <marc:subfield code="g">Medizin</marc:subfield>
      <marc:subfield code="9">rswk-swf</marc:subfield>
      <marc:subfield code="2">gnd</marc:subfield>
   </marc:datafield>
   <marc:datafield ind1=" " ind2="7" tag="650">
      <marc:subfield code="8">13\p</marc:subfield>
      <marc:subfield code="0">(DE-588)4050838-9</marc:subfield>
      <marc:subfield code="0">https://d-nb.info/gnd/4050838-9</marc:subfield>
      <marc:subfield code="0">(DE-101)040508382</marc:subfield>
      <marc:subfield code="a">Rückenschmerz</marc:subfield>
      <marc:subfield code="2">gnd</marc:subfield>
   </marc:datafield>
   <marc:datafield ind1=" " ind2="7" tag="650">
      <marc:subfield code="8">14\p</marc:subfield>
      <marc:subfield code="0">(DE-588)4190004-2</marc:subfield>
      <marc:subfield code="0">https://d-nb.info/gnd/4190004-2</marc:subfield>
      <marc:subfield code="0">(DE-101)041900049</marc:subfield>
      <marc:subfield code="a">Wirbelsäulengymnastik</marc:subfield>
      <marc:subfield code="2">gnd</marc:subfield>
   </marc:datafield>
   <marc:datafield ind1=" " ind2="7" tag="650">
      <marc:subfield code="8">15\p</marc:subfield>
      <marc:subfield code="0">(DE-588)4239521-5</marc:subfield>
      <marc:subfield code="0">https://d-nb.info/gnd/4239521-5</marc:subfield>
      <marc:subfield code="0">(DE-101)042395216</marc:subfield>
      <marc:subfield code="a">Rückenschule</marc:subfield>
      <marc:subfield code="2">gnd</marc:subfield>
   </marc:datafield>
   <marc:datafield ind1=" " ind2=" " tag="653">
      <marc:subfield code="a">(Produktform)Digital (delivered electronically)</marc:subfield>
   </marc:datafield>
   <marc:datafield ind1=" " ind2=" " tag="653">
      <marc:subfield code="a">(Produktform (spezifisch))EPUB</marc:subfield>
   </marc:datafield>
   <marc:datafield ind1=" " ind2=" " tag="653">
      <marc:subfield code="a">(BISAC Subject Heading)HEA032000</marc:subfield>
   </marc:datafield>
   <marc:datafield ind1=" " ind2=" " tag="653">
      <marc:subfield code="a">(VLB-WN)9464</marc:subfield>
   </marc:datafield>
   <marc:datafield ind1=" " ind2=" " tag="653">
      <marc:subfield code="a">(Produktgruppe)7901: Mehr Wohlbefinden</marc:subfield>
   </marc:datafield>
   <marc:datafield ind1=" " ind2=" " tag="653">
      <marc:subfield code="a">ebooks</marc:subfield>
   </marc:datafield>
   <marc:datafield ind1=" " ind2=" " tag="653">
      <marc:subfield code="a">ratgeber</marc:subfield>
   </marc:datafield>
   <marc:datafield ind1=" " ind2=" " tag="653">
      <marc:subfield code="a">rückenpapst</marc:subfield>
   </marc:datafield>
   <marc:datafield ind1=" " ind2=" " tag="653">
      <marc:subfield code="a">liebscher-pracht</marc:subfield>
   </marc:datafield>
   <marc:datafield ind1=" " ind2=" " tag="653">
      <marc:subfield code="a">bandscheibe</marc:subfield>
   </marc:datafield>
   <marc:datafield ind1=" " ind2=" " tag="653">
      <marc:subfield code="a">nackenretter</marc:subfield>
   </marc:datafield>
   <marc:datafield ind1=" " ind2=" " tag="653">
      <marc:subfield code="a">rückenschmerzen</marc:subfield>
   </marc:datafield>
   <marc:datafield ind1=" " ind2=" " tag="653">
      <marc:subfield code="a">nackenschmerzen</marc:subfield>
   </marc:datafield>
   <marc:datafield ind1=" " ind2=" " tag="653">
      <marc:subfield code="a">hexenschuss</marc:subfield>
   </marc:datafield>
   <marc:datafield ind1=" " ind2=" " tag="653">
      <marc:subfield code="a">nacken</marc:subfield>
   </marc:datafield>
   <marc:datafield ind1=" " ind2=" " tag="653">
      <marc:subfield code="a">schultern</marc:subfield>
   </marc:datafield>
   <marc:datafield ind1=" " ind2=" " tag="653">
      <marc:subfield code="a">wirbelsäule</marc:subfield>
   </marc:datafield>
   <marc:datafield ind1=" " ind2=" " tag="653">
      <marc:subfield code="a">haltung</marc:subfield>
   </marc:datafield>
   <marc:datafield ind1=" " ind2=" " tag="653">
      <marc:subfield code="a">banscheibe</marc:subfield>
   </marc:datafield>
   <marc:datafield ind1=" " ind2=" " tag="653">
      <marc:subfield code="a">sitzen</marc:subfield>
   </marc:datafield>
   <marc:datafield ind1=" " ind2=" " tag="653">
      <marc:subfield code="a">gymnastik</marc:subfield>
   </marc:datafield>
   <marc:datafield ind1=" " ind2=" " tag="653">
      <marc:subfield code="a">yoga</marc:subfield>
   </marc:datafield>
   <marc:datafield ind1=" " ind2=" " tag="653">
      <marc:subfield code="a">übungen</marc:subfield>
   </marc:datafield>
   <marc:datafield ind1=" " ind2=" " tag="653">
      <marc:subfield code="a">ganzheitlich</marc:subfield>
   </marc:datafield>
   <marc:datafield ind1=" " ind2=" " tag="653">
      <marc:subfield code="a">orthopädie</marc:subfield>
   </marc:datafield>
   <marc:datafield ind1=" " ind2=" " tag="653">
      <marc:subfield code="a">herbert grönemeyer</marc:subfield>
   </marc:datafield>
   <marc:datafield ind1=" " ind2=" " tag="653">
      <marc:subfield code="a">bochum</marc:subfield>
   </marc:datafield>
   <marc:datafield ind1=" " ind2=" " tag="653">
      <marc:subfield code="a">gesundheit</marc:subfield>
   </marc:datafield>
   <marc:datafield ind1=" " ind2=" " tag="653">
      <marc:subfield code="a">sport</marc:subfield>
   </marc:datafield>
   <marc:datafield ind1=" " ind2=" " tag="653">
      <marc:subfield code="a">bewegung</marc:subfield>
   </marc:datafield>
   <marc:datafield ind1=" " ind2=" " tag="653">
      <marc:subfield code="a">pilates</marc:subfield>
   </marc:datafield>
   <marc:datafield ind1=" " ind2=" " tag="653">
      <marc:subfield code="a">skoliose</marc:subfield>
   </marc:datafield>
   <marc:datafield ind1=" " ind2=" " tag="653">
      <marc:subfield code="a">verkrümmung</marc:subfield>
   </marc:datafield>
   <marc:datafield ind1=" " ind2=" " tag="653">
      <marc:subfield code="a">dehnen</marc:subfield>
   </marc:datafield>
   <marc:datafield ind1=" " ind2=" " tag="653">
      <marc:subfield code="a">stretching</marc:subfield>
   </marc:datafield>
   <marc:datafield ind1=" " ind2=" " tag="653">
      <marc:subfield code="a">buch</marc:subfield>
   </marc:datafield>
   <marc:datafield ind1=" " ind2=" " tag="653">
      <marc:subfield code="a">bücher</marc:subfield>
   </marc:datafield>
   <marc:datafield ind1=" " ind2="7" tag="655">
      <marc:subfield code="8">2\p</marc:subfield>
      <marc:subfield code="0">(DE-588)4048476-2</marc:subfield>
      <marc:subfield code="0">https://d-nb.info/gnd/4048476-2</marc:subfield>
      <marc:subfield code="0">(DE-101)040484769</marc:subfield>
      <marc:subfield code="a">Ratgeber</marc:subfield>
      <marc:subfield code="2">gnd-content</marc:subfield>
   </marc:datafield>
   <marc:datafield ind1=" " ind2="7" tag="655">
      <marc:subfield code="8">3\p</marc:subfield>
      <marc:subfield code="0">(DE-588)4222208-4</marc:subfield>
      <marc:subfield code="0">https://d-nb.info/gnd/4222208-4</marc:subfield>
      <marc:subfield code="0">(DE-101)042222087</marc:subfield>
      <marc:subfield code="a">Übungssammlung</marc:subfield>
      <marc:subfield code="2">gnd-content</marc:subfield>
   </marc:datafield>
   <marc:datafield ind1="0" ind2="0" tag="689">
      <marc:subfield code="8">6\p</marc:subfield>
      <marc:subfield code="0">(DE-588)4050838-9</marc:subfield>
      <marc:subfield code="0">https://d-nb.info/gnd/4050838-9</marc:subfield>
      <marc:subfield code="0">(DE-101)040508382</marc:subfield>
      <marc:subfield code="D">s</marc:subfield>
      <marc:subfield code="a">Rückenschmerz</marc:subfield>
   </marc:datafield>
   <marc:datafield ind1="0" ind2="1" tag="689">
      <marc:subfield code="8">8\p</marc:subfield>
      <marc:subfield code="0">(DE-588)4054388-2</marc:subfield>
      <marc:subfield code="0">https://d-nb.info/gnd/4054388-2</marc:subfield>
      <marc:subfield code="0">(DE-101)040543889</marc:subfield>
      <marc:subfield code="D">s</marc:subfield>
      <marc:subfield code="a">Selbsttherapie</marc:subfield>
   </marc:datafield>
   <marc:datafield ind1="0" ind2=" " tag="689">
      <marc:subfield code="5">DE-101</marc:subfield>
      <marc:subfield code="5">DE-101</marc:subfield>
   </marc:datafield>
   <marc:datafield ind1="1" ind2="0" tag="689">
      <marc:subfield code="8">10\p</marc:subfield>
      <marc:subfield code="0">(DE-588)4050838-9</marc:subfield>
      <marc:subfield code="0">https://d-nb.info/gnd/4050838-9</marc:subfield>
      <marc:subfield code="0">(DE-101)040508382</marc:subfield>
      <marc:subfield code="D">s</marc:subfield>
      <marc:subfield code="a">Rückenschmerz</marc:subfield>
   </marc:datafield>
   <marc:datafield ind1="1" ind2="1" tag="689">
      <marc:subfield code="8">12\p</marc:subfield>
      <marc:subfield code="0">(DE-588)4253440-9</marc:subfield>
      <marc:subfield code="0">https://d-nb.info/gnd/4253440-9</marc:subfield>
      <marc:subfield code="0">(DE-101)042534402</marc:subfield>
      <marc:subfield code="D">s</marc:subfield>
      <marc:subfield code="a">Mobilisierung</marc:subfield>
      <marc:subfield code="g">Medizin</marc:subfield>
   </marc:datafield>
   <marc:datafield ind1="1" ind2=" " tag="689">
      <marc:subfield code="5">DE-101</marc:subfield>
      <marc:subfield code="5">DE-101</marc:subfield>
   </marc:datafield>
   <marc:datafield ind1="0" ind2="8" tag="776">
      <marc:subfield code="i">Erscheint auch als</marc:subfield>
      <marc:subfield code="n">Druck-Ausgabe</marc:subfield>
      <marc:subfield code="a">Grönemeyer, Dietrich, 1952-</marc:subfield>
      <marc:subfield code="t">Meine Formel für einen gesunden Rücken</marc:subfield>
      <marc:subfield code="d">München : Südwest, 2025</marc:subfield>
      <marc:subfield code="h">160 Seiten, Illustrationen</marc:subfield>
      <marc:subfield code="w">(DE-101)1347135138</marc:subfield>
      <marc:subfield code="b">1. Auflage</marc:subfield>
   </marc:datafield>
   <marc:datafield ind1=" " ind2=" " tag="850">
      <marc:subfield code="a">DE-101a</marc:subfield>
      <marc:subfield code="a">DE-101b</marc:subfield>
   </marc:datafield>
   <marc:datafield ind1="4" ind2="0" tag="856">
      <marc:subfield code="u">https://nbn-resolving.org/urn:nbn:de:101:1-2504132200330.813335119172</marc:subfield>
      <marc:subfield code="x">Resolving-System</marc:subfield>
   </marc:datafield>
   <marc:datafield ind1=" " ind2="0" tag="856">
      <marc:subfield code="u">https://d-nb.info/1362979422/34</marc:subfield>
      <marc:subfield code="x">Langzeitarchivierung Nationalbibliothek</marc:subfield>
   </marc:datafield>
   <marc:datafield ind1="4" ind2=" " tag="856">
      <marc:subfield code="q">epub</marc:subfield>
   </marc:datafield>
   <marc:datafield ind1="4" ind2=" " tag="856">
      <marc:subfield code="u">https://www.penguin.de/ean/9783641332556</marc:subfield>
      <marc:subfield code="x">Verlag</marc:subfield>
   </marc:datafield>
   <marc:datafield ind1="2" ind2=" " tag="883">
      <marc:subfield code="8">1\p</marc:subfield>
      <marc:subfield code="a">dnb-pa</marc:subfield>
      <marc:subfield code="d">20250415</marc:subfield>
      <marc:subfield code="q">DE-101</marc:subfield>
      <marc:subfield code="u">https://d-nb.info/provenance/plan#dnb-pa</marc:subfield>
   </marc:datafield>
   <marc:datafield ind1="2" ind2=" " tag="883">
      <marc:subfield code="8">2\p</marc:subfield>
      <marc:subfield code="a">dnb-pa</marc:subfield>
      <marc:subfield code="d">20250730</marc:subfield>
      <marc:subfield code="q">DE-101</marc:subfield>
      <marc:subfield code="u">https://d-nb.info/provenance/plan#dnb-pa</marc:subfield>
   </marc:datafield>
   <marc:datafield ind1="2" ind2=" " tag="883">
      <marc:subfield code="8">3\p</marc:subfield>
      <marc:subfield code="a">dnb-pa</marc:subfield>
      <marc:subfield code="d">20250730</marc:subfield>
      <marc:subfield code="q">DE-101</marc:subfield>
      <marc:subfield code="u">https://d-nb.info/provenance/plan#dnb-pa</marc:subfield>
   </marc:datafield>
   <marc:datafield ind1=" " ind2=" " tag="883">
      <marc:subfield code="8">4\p</marc:subfield>
      <marc:subfield code="a">cgwrk</marc:subfield>
      <marc:subfield code="d">20250423</marc:subfield>
      <marc:subfield code="q">DE-101</marc:subfield>
      <marc:subfield code="u">https://d-nb.info/provenance/plan#cgwrk</marc:subfield>
   </marc:datafield>
   <marc:datafield ind1="2" ind2=" " tag="883">
      <marc:subfield code="8">5\p</marc:subfield>
      <marc:subfield code="a">dnb-pa</marc:subfield>
      <marc:subfield code="d">20250730</marc:subfield>
      <marc:subfield code="q">DE-101</marc:subfield>
      <marc:subfield code="u">https://d-nb.info/provenance/plan#dnb-pa</marc:subfield>
   </marc:datafield>
   <marc:datafield ind1="2" ind2=" " tag="883">
      <marc:subfield code="8">6\p</marc:subfield>
      <marc:subfield code="a">dnb-pa</marc:subfield>
      <marc:subfield code="d">20250730</marc:subfield>
      <marc:subfield code="q">DE-101</marc:subfield>
      <marc:subfield code="u">https://d-nb.info/provenance/plan#dnb-pa</marc:subfield>
   </marc:datafield>
   <marc:datafield ind1="2" ind2=" " tag="883">
      <marc:subfield code="8">7\p</marc:subfield>
      <marc:subfield code="a">dnb-pa</marc:subfield>
      <marc:subfield code="d">20250730</marc:subfield>
      <marc:subfield code="q">DE-101</marc:subfield>
      <marc:subfield code="u">https://d-nb.info/provenance/plan#dnb-pa</marc:subfield>
   </marc:datafield>
   <marc:datafield ind1="2" ind2=" " tag="883">
      <marc:subfield code="8">8\p</marc:subfield>
      <marc:subfield code="a">dnb-pa</marc:subfield>
      <marc:subfield code="d">20250730</marc:subfield>
      <marc:subfield code="q">DE-101</marc:subfield>
      <marc:subfield code="u">https://d-nb.info/provenance/plan#dnb-pa</marc:subfield>
   </marc:datafield>
   <marc:datafield ind1="2" ind2=" " tag="883">
      <marc:subfield code="8">9\p</marc:subfield>
      <marc:subfield code="a">dnb-pa</marc:subfield>
      <marc:subfield code="d">20250730</marc:subfield>
      <marc:subfield code="q">DE-101</marc:subfield>
      <marc:subfield code="u">https://d-nb.info/provenance/plan#dnb-pa</marc:subfield>
   </marc:datafield>
   <marc:datafield ind1="2" ind2=" " tag="883">
      <marc:subfield code="8">10\p</marc:subfield>
      <marc:subfield code="a">dnb-pa</marc:subfield>
      <marc:subfield code="d">20250730</marc:subfield>
      <marc:subfield code="q">DE-101</marc:subfield>
      <marc:subfield code="u">https://d-nb.info/provenance/plan#dnb-pa</marc:subfield>
   </marc:datafield>
   <marc:datafield ind1="2" ind2=" " tag="883">
      <marc:subfield code="8">11\p</marc:subfield>
      <marc:subfield code="a">dnb-pa</marc:subfield>
      <marc:subfield code="d">20250730</marc:subfield>
      <marc:subfield code="q">DE-101</marc:subfield>
      <marc:subfield code="u">https://d-nb.info/provenance/plan#dnb-pa</marc:subfield>
   </marc:datafield>
   <marc:datafield ind1="2" ind2=" " tag="883">
      <marc:subfield code="8">12\p</marc:subfield>
      <marc:subfield code="a">dnb-pa</marc:subfield>
      <marc:subfield code="d">20250730</marc:subfield>
      <marc:subfield code="q">DE-101</marc:subfield>
      <marc:subfield code="u">https://d-nb.info/provenance/plan#dnb-pa</marc:subfield>
   </marc:datafield>
   <marc:datafield ind1="0" ind2=" " tag="883">
      <marc:subfield code="8">13\p</marc:subfield>
      <marc:subfield code="a">emagnd</marc:subfield>
      <marc:subfield code="c">0,44781</marc:subfield>
      <marc:subfield code="d">20250415</marc:subfield>
      <marc:subfield code="q">DE-101</marc:subfield>
      <marc:subfield code="u">https://d-nb.info/provenance/plan#emagnd</marc:subfield>
   </marc:datafield>
   <marc:datafield ind1="0" ind2=" " tag="883">
      <marc:subfield code="8">14\p</marc:subfield>
      <marc:subfield code="a">emagnd</marc:subfield>
      <marc:subfield code="c">0,08035</marc:subfield>
      <marc:subfield code="d">20250415</marc:subfield>
      <marc:subfield code="q">DE-101</marc:subfield>
      <marc:subfield code="u">https://d-nb.info/provenance/plan#emagnd</marc:subfield>
   </marc:datafield>
   <marc:datafield ind1="0" ind2=" " tag="883">
      <marc:subfield code="8">15\p</marc:subfield>
      <marc:subfield code="a">emagnd</marc:subfield>
      <marc:subfield code="c">0,07625</marc:subfield>
      <marc:subfield code="d">20250415</marc:subfield>
      <marc:subfield code="q">DE-101</marc:subfield>
      <marc:subfield code="u">https://d-nb.info/provenance/plan#emagnd</marc:subfield>
   </marc:datafield>
   <marc:datafield ind1="2" ind2=" " tag="883">
      <marc:subfield code="8">17\p</marc:subfield>
      <marc:subfield code="a">dnb-pa</marc:subfield>
      <marc:subfield code="d">20250730</marc:subfield>
      <marc:subfield code="q">DE-101</marc:subfield>
      <marc:subfield code="u">https://d-nb.info/provenance/plan#dnb-pa</marc:subfield>
   </marc:datafield>
   <marc:datafield ind1="0" ind2=" " tag="883">
      <marc:subfield code="8">18\p</marc:subfield>
      <marc:subfield code="a">emakn</marc:subfield>
      <marc:subfield code="c">0,55012</marc:subfield>
      <marc:subfield code="d">20250415</marc:subfield>
      <marc:subfield code="q">DE-101</marc:subfield>
      <marc:subfield code="u">https://d-nb.info/provenance/plan#emakn</marc:subfield>
   </marc:datafield>
   <marc:datafield ind1="2" ind2=" " tag="883">
      <marc:subfield code="8">19\p</marc:subfield>
      <marc:subfield code="a">dnb-pa</marc:subfield>
      <marc:subfield code="d">20250730</marc:subfield>
      <marc:subfield code="q">DE-101</marc:subfield>
      <marc:subfield code="u">https://d-nb.info/provenance/plan#dnb-pa</marc:subfield>
   </marc:datafield>
   <marc:datafield ind1="r" ind2=" " tag="925">
      <marc:subfield code="a">ro</marc:subfield>
      <marc:subfield code="a">ra</marc:subfield>
   </marc:datafield>
   <marc:datafield ind1="1" ind2=" " tag="926">
      <marc:subfield code="a">V</marc:subfield>
      <marc:subfield code="o">93</marc:subfield>
      <marc:subfield code="v">1.1</marc:subfield>
      <marc:subfield code="x">Gesundheit, Beziehungen und Persönlichkeitsentwicklung</marc:subfield>
   </marc:datafield>
   <marc:datafield ind1=" " ind2=" " tag="927">
      <marc:subfield code="a">94142469</marc:subfield>
   </marc:datafield>
</marc:record>
